000 00783nam a2200217Ia 4500
003 IN-BaIIA
008 211028s9999 xx 000 0 eng d
040 _cIIA Library
080 _a621.396.67:52-77
_bKUZ
100 _aKuz'min, A. D.
_95523
245 0 _aRadio astronomical methods of antenna measurements
_cKuzmin A. D. and A. E. Salomonovich; translated by K. N. Trirogoff
260 _aNew York
_bAcademic Press
_c1966
300 _axvi, 182p.
490 _aElectrical Science A Series of Monographs and Texts
650 _aAntennas
_92176
650 _aAstronomy and Astrophysics Thesaurus
650 _aRadio Astronomy
_92849
700 _aSalomonovich, A. E.
_95524
700 _aTrirogoff, K. N., tr.
_95525
942 _cBK
999 _c3109
_d3109